[Event "CAN-ch U20 2000"]
[Site "Montreal CAN"]
[Date "2000.05.07"]
[Round "8"]
[White "Raheb, David"]
[Black "Miron, Francois"]
[Result "1/2-1/2"]
[WhiteElo "2148"]
[BlackElo "1969"]
[PlyCount "105"]
[GameId "2160767911724502"]
[EventDate "2000.05.03"]
[EventType "swiss"]
[EventRounds "8"]
[EventCountry "CAN"]

1. d4 f5 2. c4 Nf6 3. Nf3 g6 4. g3 Bg7 5. Bg2 O-O 6. O-O d6 7. Nc3 Qe8 8. d5 e5 9. dxe6 Bxe6 10. Nd5 Nxd5 11. cxd5 Bd7 12. Nd4 Qe7 13. h4 h6 14. Re1 g5 15. hxg5 hxg5 16. e3 Na6 17. Rb1 Nc5 18. b4 Ne4 19. Bb2 Be5 20. Nf3 Bc3 21. Re2 Bxb2 22. Rexb2 Nc3 23. Qc2 Nxb1 24. Rxb1 Rac8 25. b5 Qg7 26. Qb2 Rf7 27. Nd4 Qe5 28. Nf3 Qxb2 29. Rxb2 Rg7 30. Rb4 Rf8 31. Nd4 f4 32. Ne6 Bxe6 33. dxe6 f3 34. Bh3 Rh7 35. Bg4 c6 36. Ra4 cxb5 37. Rxa7 Rc7 38. Bh5 Kg7 39. g4 Kf6 40. Ra5 Rc5 41. Kh2 Kxe6 42. Kg3 Kd5 43. Bg6 Kc6 44. Ra3 Rc4 45. Bf5 Ra4 46. Rc3+ Kb6 47. Be6 Rf6 48. Bb3 Ra8 49. Rd3 Rc8 50. Rd5 Rc5 51. Rd1 Ka5 52. Rd4 Rc1 53. Rd1 1/2-1/2

[Event "CAN-ch U20 2000"]
[Site "Montreal CAN"]
[Date "2000.05.07"]
[Round "8"]
[White "Ramaswamy, Kiran"]
[Black "Perecowicz, Jonathan"]
[Result "1-0"]
[WhiteElo "1714"]
[BlackElo "1286"]
[PlyCount "131"]
[GameId "2160767911724503"]
[EventDate "2000.05.03"]
[EventType "swiss"]
[EventRounds "8"]
[EventCountry "CAN"]

1. e4 c6 2. d4 d5 3. e5 Bf5 4. Nf3 e6 5. Be2 c5 6. Be3 Nd7 7. c4 f6 8. cxd5 exd5 9. Nh4 Bxb1 10. Qxb1 g6 11. e6 Nb6 12. Nxg6 hxg6 13. Qxg6+ Ke7 14. Qf7+ Kd6 15. dxc5+ Kc6 16. b4 Qe7 17. b5+ Kc7 18. cxb6+ Kd8 19. Qxe7+ Bxe7 20. bxa7 Bb4+ 21. Kf1 Ba5 22. b6 Ke7 23. Rc1 Kxe6 24. Rc7 Ne7 25. Rxb7 Nc6 26. Rc7 Kd6 27. Ba6 d4 28. Bf4+ Ne5 29. Rf7 Ke6 30. Bb7 Rad8 31. Bxe5 fxe5 32. a8=Q Rxa8 33. Bxa8 Kxf7 34. Bd5+ Ke7 35. b7 d3 36. f3 Rd8 37. Be4 d2 38. Ke2 Kd6 39. Rb1 Rb8 40. h4 Kc5 41. g4 Kd4 42. h5 Kc3 43. h6 Bd8 44. Rb3+ Kc4 45. Kxd2 Bg5+ 46. Ke2 Bxh6 47. Bf5 Kd5 48. Bc8 Kc6 49. Kd3 Bf4 50. a4 Bh2 51. a5 Bg1 52. a6 Bb6 53. Rxb6+ Kxb6 54. Ke4 Kxa6 55. Kxe5 Rxb7 56. Bxb7+ Kxb7 57. g5 Kc7 58. g6 Kd7 59. g7 Kc6 60. g8=Q Kc5 61. f4 Kc6 62. f5 Kb7 63. f6 Kc6 64. f7 Kb6 65. f8=Q Kb5 66. Qb3+ 1-0

[Event "CAN-ch U20 2000"]
[Site "Montreal CAN"]
[Date "2000.05.07"]
[Round "8"]
[White "Ramaswamy, Kishor"]
[Black "Feoktistov, Dmitri"]
[Result "1-0"]
[WhiteElo "1525"]
[BlackElo "1937"]
[PlyCount "37"]
[GameId "2160767911724504"]
[EventDate "2000.05.03"]
[EventType "swiss"]
[EventRounds "8"]
[EventCountry "CAN"]

1. d4 d5 2. Nf3 Nf6 3. Bg5 e6 4. Nbd2 Be7 5. e3 O-O 6. Bd3 h6 7. Bf4 c5 8. c3 Nc6 9. Ne5 Bd6 10. Qf3 Qc7 11. Nxc6 Bxf4 12. Qxf4 Qxc6 13. g4 cxd4 14. exd4 e5 15. dxe5 Nxg4 16. O-O-O Qc7 17. Rhg1 Nxe5 18. Rxg7+ Kxg7 19. Rg1+ 1-0

[Event "CAN-ch U20 2000"]
[Site "Montreal CAN"]
[Date "2000.05.07"]
[Round "8"]
[White "Reddy, Tyler"]
[Black "Pescarus, Radu"]
[Result "1/2-1/2"]
[WhiteElo "2185"]
[BlackElo "2005"]
[PlyCount "30"]
[GameId "2160767911724505"]
[EventDate "2000.05.03"]
[EventType "swiss"]
[EventRounds "8"]
[EventCountry "CAN"]

1. c4 c5 2. g3 Nf6 3. Bg2 e6 4. Nf3 Be7 5. O-O O-O 6. b3 Nc6 7. Bb2 b6 8. Nc3 Bb7 9. Rc1 d5 10. cxd5 Nxd5 11. Nxd5 Qxd5 12. Nd4 Qd7 13. Nxc6 Bxc6 14. Bxc6 Qxc6 15. d4 Qe4 1/2-1/2

[Event "CAN-ch U20 2000"]
[Site "Montreal CAN"]
[Date "2000.05.07"]
[Round "8"]
[White "Timbaliuk, Veaceslav"]
[Black "Michalowski, Lukasz"]
[Result "0-1"]
[WhiteElo "1294"]
[BlackElo "1867"]
[PlyCount "66"]
[GameId "2160767911724506"]
[EventDate "2000.05.03"]
[EventType "swiss"]
[EventRounds "8"]
[EventCountry "CAN"]

1. e4 c5 2. Nf3 Nc6 3. Bb5 a6 4. Be2 e6 5. Nc3 Qc7 6. d4 cxd4 7. Nxd4 Nf6 8. O-O Be7 9. f4 Nxd4 10. Bd3 d6 11. Bxa6 Nxc2 12. Bb5+ Kf8 13. Qxc2 d5 14. e5 Ne4 15. Bd3 f5 16. a4 Bh4 17. Be3 Bd7 18. Bd4 Kf7 19. Ra2 g5 20. Rfa1 g4 21. g3 Be7 22. a5 h5 23. Bb6 Qc8 24. a6 bxa6 25. Bxa6 Rxa6 26. Rxa6 Bc5+ 27. Bxc5 Qxc5+ 28. Kg2 h4 29. Rc1 h3+ 30. Kh1 Nf2+ 31. Kg1 Nd3+ 32. Kh1 Nxc1 33. Qxc1 d4 0-1

[Event "CAN-ch U20 2000"]
[Site "Montreal CAN"]
[Date "2000.05.07"]
[Round "8"]
[White "Vaingorten, Yaaqov"]
[Black "Rodina, Nataliya"]
[Result "1-0"]
[WhiteElo "2253"]
[BlackElo "1962"]
[PlyCount "117"]
[GameId "2160767911724507"]
[EventDate "2000.05.03"]
[EventType "swiss"]
[EventRounds "8"]
[EventCountry "CAN"]

1. Nf3 Nf6 2. c4 e6 3. Nc3 d5 4. cxd5 exd5 5. d4 c6 6. Qc2 Nbd7 7. Bg5 Qa5 8. Bxf6 Nxf6 9. e3 Bb4 10. Bd3 O-O 11. O-O Re8 12. Ne5 h6 13. a3 Bd6 14. b4 Qc7 15. f4 Ng4 16. Rae1 f6 17. Nxg4 Bxg4 18. Bg6 Re7 19. h3 Be6 20. Rf3 Bf7 21. Bd3 Rae8 22. Qd2 a5 23. Ne2 Ra8 24. Ng3 axb4 25. axb4 Ra4 26. Rb1 Rd7 27. Bc2 Ra3 28. Nf5 Bf8 29. Rff1 Rd8 30. Rb2 g6 31. Nh4 Re8 32. Rf3 Qe7 33. Nxg6 Bxg6 34. Bxg6 Rea8 35. Rg3 Kh8 36. Bb1 Rc8 37. Kh2 Rc7 38. Qe2 Qf7 39. Qc2 Re7 40. Rb3 Rxb3 41. Qxb3 Qe8 42. b5 Rc7 43. Qc2 Re7 44. bxc6 bxc6 45. Qf5 Qf7 46. Qc8 Rc7 47. Qa6 Qd7 48. Qe2 Rb7 49. Qc2 Rc7 50. Ba2 Qe7 51. Qg6 Qf7 52. Qf5 Ra7 53. Bb3 Rb7 54. Ba4 Rc7 55. e4 Bg7 56. Rb3 Bf8 57. Rb8 Kg7 58. exd5 Qxd5 59. Qg4+ 1-0

[Event "CAN-op"]
[Site "Edmonton CAN"]
[Date "2000.07.08"]
[Round "1"]
[White "Arseneau, Peter"]
[Black "Deimert, David"]
[Result "1-0"]
[WhiteElo "1896"]
[BlackElo "1099"]
[PlyCount "53"]
[GameId "2160767911681984"]
[EventDate "2000.07.08"]
[EventType "swiss"]
[EventRounds "10"]
[EventCountry "CAN"]

1. e4 c5 2. Nf3 d6 3. d4 cxd4 4. Nxd4 g6 5. c4 Bg7 6. Nc3 Nf6 7. Be2 O-O 8. Be3 h6 9. O-O b6 10. Qd2 Kh7 11. f3 Bd7 12. Rfd1 Qc8 13. Nd5 Re8 14. Nb5 Na6 15. Rac1 Qb7 16. Nxf6+ Bxf6 17. Bxh6 Bxb5 18. cxb5 Nc5 19. Be3 Rac8 20. Bc4 Kg7 21. Bd5 Qb8 22. Bh6+ Kg8 23. Qf4 Rc7 24. Qg4 Qc8 25. Qxg6+ Kh8 26. Bxf7 Rd8 27. Bf8 1-0

[Event "CAN-op"]
[Site "Edmonton CAN"]
[Date "2000.07.08"]
[Round "1"]
[White "Beebe, Greg"]
[Black "Harris, Greg"]
[Result "0-1"]
[WhiteElo "1861"]
[BlackElo "1787"]
[PlyCount "38"]
[GameId "2160767911681985"]
[EventDate "2000.07.08"]
[EventType "swiss"]
[EventRounds "10"]
[EventCountry "CAN"]

1. e4 c6 2. d4 d5 3. e5 Bf5 4. Bd3 Bxd3 5. Qxd3 e6 6. Ne2 Nd7 7. Nd2 Ne7 8. Nb3 Ng6 9. Bd2 b6 10. f4 c5 11. c4 b5 12. Nxc5 bxc4 13. Qe3 Nh4 14. Qf2 Nxc5 15. dxc5 Rc8 16. c6 Rxc6 17. g3 Bc5 18. Be3 Bxe3 19. Qxe3 Ng2+ 0-1

[Event "CAN-op"]
[Site "Edmonton CAN"]
[Date "2000.07.08"]
[Round "1"]
[White "Benjamin, Joel"]
[Black "Smith, Maurice"]
[Result "1-0"]
[WhiteElo "2652"]
[BlackElo "1836"]
[PlyCount "57"]
[GameId "2160767911681986"]
[EventDate "2000.07.08"]
[EventType "swiss"]
[EventRounds "10"]
[EventCountry "CAN"]

1. e4 d6 2. d4 Nf6 3. Nc3 g6 4. Nf3 Bg7 5. Be2 Nc6 6. d5 Nb8 7. O-O O-O 8. Re1 Nbd7 9. Bf1 Re8 10. Bg5 h6 11. Bf4 Nh5 12. Be3 Nhf6 13. Qd2 Kh7 14. Rad1 b6 15. Nd4 Bb7 16. Bb5 a6 17. Bc6 Bxc6 18. Nxc6 Qc8 19. f4 Ng8 20. Rf1 Nb8 21. f5 Nxc6 22. dxc6 Rf8 23. Nd5 Qd8 24. Rf3 e6 25. fxe6 fxe6 26. Rxf8 Bxf8 27. Rf1 Kh8 28. Rf7 Rc8 29. Nf4 1-0

[Event "CAN-op"]
[Site "Edmonton CAN"]
[Date "2000.07.08"]
[Round "1"]
[White "Bestvater, Eric"]
[Black "Haynes, Nicolas"]
[Result "1/2-1/2"]
[WhiteElo "1699"]
[BlackElo "1795"]
[PlyCount "135"]
[GameId "2160767911681987"]
[EventDate "2000.07.08"]
[EventType "swiss"]
[EventRounds "10"]
[EventCountry "CAN"]

1. e4 c5 2. Nf3 Nc6 3. d4 cxd4 4. Nxd4 Nf6 5. Nc3 e5 6. Nxc6 bxc6 7. Bd3 h6 8. a3 d5 9. exd5 cxd5 10. O-O Be7 11. Re1 e4 12. Bf1 O-O 13. Ne2 Bg4 14. Be3 Qc7 15. Qd2 Rab8 16. Rab1 Rfc8 17. Rec1 Bd6 18. g3 Qd7 19. Bf4 Bxf4 20. Qxf4 Bh3 21. Nd4 Bxf1 22. Rxf1 Qh3 23. f3 Rb6 24. Rf2 Re8 25. b3 Nh5 26. Qf5 Qxf5 27. Nxf5 Rg6 28. Kh1 Nf6 29. Rc1 Nd7 30. c4 Ne5 31. Rc3 dxc4 32. bxc4 Nxf3 33. c5 Rc6 34. Nd6 Re6 35. Nxe4 Rxe4 36. Rfxf3 Re5 37. Rf2 Rexc5 38. Rcf3 f6 39. Kg2 Kf7 40. Re3 Rc2 41. Kf3 Rxf2+ 42. Kxf2 Rc2+ 43. Re2 Rxe2+ 44. Kxe2 Ke6 45. Ke3 Kd5 46. Kd3 g5 47. g4 Ke5 48. Ke3 f5 49. gxf5 Kxf5 50. Kf3 h5 51. h3 g4+ 52. hxg4+ hxg4+ 53. Kg3 a5 54. a4 Kg5 55. Kg2 Kf4 56. Kf2 g3+ 57. Kg2 Kg4 58. Kg1 Kf3 59. Kf1 Ke4 60. Kg2 Kd4 61. Kxg3 Kc4 62. Kf4 Kb4 63. Ke3 Kxa4 64. Kd2 Kb3 65. Kc1 Kc4 66. Kc2 Kb4 67. Kb2 a4 68. Ka2 1/2-1/2

[Event "CAN-op"]
[Site "Edmonton CAN"]
[Date "2000.07.08"]
[Round "1"]
[White "Bradbrooke, Wally"]
[Black "Strojevs, Alexander"]
[Result "0-1"]
[WhiteElo "1233"]
[BlackElo "1904"]
[PlyCount "40"]
[GameId "2160767911681988"]
[EventDate "2000.07.08"]
[EventType "swiss"]
[EventRounds "10"]
[EventCountry "CAN"]

1. e4 c5 2. Nf3 d6 3. Bc4 Nc6 4. Nc3 Nf6 5. O-O e6 6. d3 Be7 7. Bd2 a6 8. a4 O-O 9. Re1 Qc7 10. Bf4 e5 11. Bg5 Bg4 12. h3 Bh5 13. g4 Bg6 14. Nh4 Qd7 15. Qd2 Rab8 16. Re3 Nd4 17. Nd5 Nxd5 18. Bxd5 Bxg5 19. Nxg6 hxg6 20. b3 Bxe3 0-1

[Event "CAN-op"]
[Site "Edmonton CAN"]
[Date "2000.07.08"]
[Round "1"]
[White "Brodie, Hugh"]
[Black "Thompson, Brent"]
[Result "1-0"]
[WhiteElo "1968"]
[BlackElo "1381"]
[PlyCount "49"]
[GameId "2160767911681989"]
[EventDate "2000.07.08"]
[EventType "swiss"]
[EventRounds "10"]
[EventCountry "CAN"]

1. e4 e5 2. Nc3 Nc6 3. Bc4 Nf6 4. d3 Bc5 5. f4 exf4 6. Bxf4 d6 7. Nf3 O-O 8. Qd2 Qe7 9. O-O-O Nd4 10. Bg5 Nxf3 11. gxf3 c6 12. d4 Bb6 13. Rde1 Qd8 14. Ne2 Be6 15. Bd3 c5 16. d5 Bd7 17. Ng3 g6 18. Qf4 Nxd5 19. exd5 Qc7 20. Bf6 Qd8 21. Bxd8 Rfxd8 22. Qf6 Bc7 23. Nh5 gxh5 24. Rhg1+ Kf8 25. Qh8# 1-0

[Event "CAN-op"]
[Site "Edmonton CAN"]
[Date "2000.07.08"]
[Round "1"]
[White "Bukowski, George"]
[Black "Stanford, Mike"]
[Result "0-1"]
[WhiteElo "1662"]
[BlackElo "2124"]
[PlyCount "80"]
[GameId "2160767911681991"]
[EventDate "2000.07.08"]
[EventType "swiss"]
[EventRounds "10"]
[EventCountry "CAN"]

1. d4 e6 2. e4 d5 3. exd5 exd5 4. Nf3 Nf6 5. Bd3 Be7 6. O-O O-O 7. Nc3 c6 8. Bf4 Bg4 9. h3 Bh5 10. Be2 Re8 11. Ne5 Bxe2 12. Qxe2 Nbd7 13. Rfe1 Nf8 14. Rad1 Bd6 15. Qf3 Ne6 16. Bg3 Qc7 17. Bh4 Nxd4 18. Rxd4 Bxe5 19. Rdd1 Re6 20. Qf5 Rae8 21. Qd3 h6 22. f3 Nh5 23. Bf2 Nf4 24. Qd2 b5 25. Kh1 Qd7 26. Be3 Bb8 27. Bxf4 Bxf4 28. Qf2 Bb8 29. Rxe6 Qxe6 30. a3 Qe5 31. Kg1 a5 32. Kf1 b4 33. Na4 Ba7 34. Re1 Bxf2 35. Rxe5 Rxe5 36. Kxf2 bxa3 37. bxa3 d4 38. c4 Re3 39. Nc5 Rxa3 40. Ke2 Rc3 0-1

[Event "CAN-op"]
[Site "Edmonton CAN"]
[Date "2000.07.08"]
[Round "1"]
[White "Campbell, Brett"]
[Black "Daku, Zoltan"]
[Result "1-0"]
[WhiteElo "2229"]
[BlackElo "1717"]
[PlyCount "81"]
[GameId "2160767911681992"]
[EventDate "2000.07.08"]
[EventType "swiss"]
[EventRounds "10"]
[EventCountry "CAN"]

1. e4 e5 2. Nc3 Nf6 3. f4 d6 4. Nf3 h6 5. fxe5 dxe5 6. Nxe5 Bc5 7. Nf3 Bg4 8. h3 Bxf3 9. Qxf3 O-O 10. d3 Nc6 11. g4 Nd4 12. Qg2 Re8 13. g5 Nd5 14. Nxd5 Qxd5 15. c3 Nc6 16. gxh6 g6 17. Be2 Qd8 18. Bg5 Be7 19. Bxe7 Qxe7 20. h4 Kh7 21. O-O-O a5 22. Rdg1 a4 23. a3 Qe6 24. Kb1 Na5 25. Bd1 Nb3 26. Bc2 c5 27. Qf2 b6 28. d4 cxd4 29. cxd4 Rac8 30. h5 Rxc2 31. hxg6+ fxg6 32. Qxc2 Qxe4 33. Qxe4 Rxe4 34. d5 Re7 35. d6 Rd7 36. Rxg6 Nc5 37. Rhg1 Kh8 38. Rg8+ Kh7 39. R1g7+ Rxg7 40. Rxg7+ Kxh6 41. d7 1-0

[Event "CAN-op"]
[Site "Edmonton CAN"]
[Date "2000.07.08"]
[Round "1"]
[White "Carayanniotis, George"]
[Black "Gillanders, Robert"]
[Result "1/2-1/2"]
[WhiteElo "998"]
[BlackElo "1871"]
[PlyCount "90"]
[GameId "2160767911681993"]
[EventDate "2000.07.08"]
[EventType "swiss"]
[EventRounds "10"]
[EventCountry "CAN"]

1. d4 Nf6 2. Nc3 d6 3. e4 g6 4. Be3 Bg7 5. Qd2 Ng4 6. Bg5 O-O 7. h3 Nf6 8. Bh6 Nbd7 9. Bxg7 Kxg7 10. Nf3 e5 11. O-O-O Re8 12. Bd3 exd4 13. Nxd4 Nc5 14. f3 a6 15. g4 h6 16. Nf5+ Bxf5 17. gxf5 Nxd3+ 18. cxd3 Nd7 19. Rdg1 c6 20. Rg3 b5 21. Rhg1 Nf8 22. Ne2 Qf6 23. Nf4 Kh7 24. fxg6+ Nxg6 25. Nxg6 fxg6 26. Rxg6 Qxg6 27. Rxg6 Kxg6 28. Qg2+ Kh7 29. h4 Rg8 30. Qf2 Rg7 31. Kd2 Rag8 32. Kc3 c5 33. b4 Rg2 34. Qe3 Rxa2 35. bxc5 Rc8 36. Qd4 Rxc5+ 37. Kb3 Rac2 38. Qxd6 Rc6 39. Qd7+ Kg8 40. Qd5+ Kf8 41. e5 R2c5 42. Qd8+ Kf7 43. f4 Ke6 44. Qd4 a5 45. Qe4 Rc3+ 1/2-1/2

[Event "CAN-op"]
[Site "Edmonton CAN"]
[Date "2000.07.08"]
[Round "1"]
[White "Clark, Alan"]
[Black "Campbell, John"]
[Result "1-0"]
[WhiteElo "2003"]
[BlackElo "1455"]
[PlyCount "99"]
[GameId "2160767911681994"]
[EventDate "2000.07.08"]
[EventType "swiss"]
[EventRounds "10"]
[EventCountry "CAN"]

1. e4 e5 2. Bc4 Nf6 3. d3 Nc6 4. Nf3 Be7 5. O-O O-O 6. c3 d6 7. Re1 Be6 8. Bb3 Bxb3 9. Qxb3 b6 10. Nbd2 Re8 11. Nf1 Bf8 12. Ng3 g6 13. h4 h5 14. Bg5 Bg7 15. Rad1 a5 16. a4 Nb8 17. d4 Nbd7 18. Qb5 Qe7 19. Nf1 Qd8 20. Qc6 Qc8 21. dxe5 Nxe5 22. Nxe5 Rxe5 23. Qc4 Nh7 24. Bf4 Re7 25. Ne3 Qe6 26. Nd5 Kh8 27. Qc6 Rae8 28. Nxe7 Qxe7 29. Qb5 Bf6 30. Bg3 Nf8 31. Rd2 Nd7 32. Rde2 Qd8 33. Qd5 Kg7 34. e5 dxe5 35. Bxe5 Nxe5 36. Qxd8 Rxd8 37. Rxe5 Bxe5 38. Rxe5 Rd7 39. Kf1 Kf8 40. Ke2 Re7 41. Rxe7 Kxe7 42. Ke3 Ke6 43. Kd4 c5+ 44. Kc4 Kd6 45. Kb5 Kc7 46. Ka6 Kc6 47. Ka7 Kc7 48. c4 f5 49. f4 Kc6 50. Kb8 1-0

[Event "CAN-op"]
[Site "Edmonton CAN"]
[Date "2000.07.08"]
[Round "1"]
[White "Clemens, John"]
[Black "Chow, Vincent"]
[Result "0-1"]
[WhiteElo "1564"]
[BlackElo "2042"]
[PlyCount "94"]
[GameId "2160767911681995"]
[EventDate "2000.07.08"]
[EventType "swiss"]
[EventRounds "10"]
[EventCountry "CAN"]

1. e4 c6 2. d4 d5 3. Nc3 dxe4 4. Nxe4 Nf6 5. Ng3 Qc7 6. Nf3 Bg4 7. Be2 e6 8. O-O Bd6 9. c4 Nbd7 10. Qc2 h5 11. c5 Bf4 12. Bxf4 Qxf4 13. Qc1 Qxc1 14. Raxc1 h4 15. Nh1 Ne4 16. Rfe1 Ndf6 17. Ne5 Bxe2 18. Rxe2 Rd8 19. Rc4 Rh5 20. f4 Ke7 21. Nf2 Nxf2 22. Kxf2 Nd5 23. Nd3 Rf5 24. Kf3 g5 25. Re5 Kf6 26. Rxf5+ Kxf5 27. fxg5 Kxg5 28. Ra4 a6 29. Ne5 Rf8 30. Nc4 Rd8 31. Nd6 Rd7 32. Ne4+ Kf5 33. Nc3 Nxc3 34. bxc3 f6 35. Rb4 h3 36. g3 e5 37. Ke3 Re7 38. Kf3 Rd7 39. a4 a5 40. Rc4 e4+ 41. Ke3 Rd5 42. Ke2 Kg4 43. Ke3 f5 44. Kf2 f4 45. gxf4 Kxf4 46. Ke2 e3 47. Kf1 Kf3 0-1

[Event "CAN-op"]
[Site "Edmonton CAN"]
[Date "2000.07.08"]
[Round "1"]
[White "Climenhaga, Harold"]
[Black "Taylor, Ian"]
[Result "1-0"]
[WhiteElo "1938"]
[BlackElo "1304"]
[PlyCount "83"]
[GameId "2160767911681996"]
[EventDate "2000.07.08"]
[EventType "swiss"]
[EventRounds "10"]
[EventCountry "CAN"]

1. e4 e6 2. d4 d5 3. Nd2 g6 4. e5 a6 5. Bd3 Nc6 6. c3 f6 7. f4 fxe5 8. fxe5 Nge7 9. Ndf3 Nf5 10. Ne2 Bh6 11. Bxh6 Nxh6 12. Ng3 O-O 13. Qc2 Ne7 14. O-O-O Ng4 15. Qd2 Kg7 16. h3 Nh6 17. Qg5 Bd7 18. Nh5+ Kg8 19. Qxh6 Rf7 20. Ng5 Qf8 21. Nf6+ Kh8 22. Nxf7+ Qxf7 23. Nxd7 Ng8 24. Qh4 Qxd7 25. Bxg6 Qg7 26. Bc2 Ne7 27. Rhf1 Ng6 28. Bxg6 Qxg6 29. Qf6+ Kg8 30. Qxg6+ hxg6 31. Rf6 Re8 32. Rdf1 Kg7 33. g4 Re7 34. g5 b6 35. Rf8 a5 36. Rc8 Kh7 37. Rff8 Kg7 38. Rg8+ Kh7 39. Rh8+ Kg7 40. Rcg8+ Kf7 41. Rh7+ Kxg8 42. Rxe7 1-0

[Event "CAN-op"]
[Site "Edmonton CAN"]
[Date "2000.07.08"]
[Round "1"]
[White "Daniluk, Jim"]
[Black "Stringer, Lynn"]
[Result "1-0"]
[WhiteElo "2123"]
[BlackElo "1656"]
[PlyCount "81"]
[GameId "2160767911681997"]
[EventDate "2000.07.08"]
[EventType "swiss"]
[EventRounds "10"]
[EventCountry "CAN"]

1. d4 d5 2. Nf3 Nc6 3. c3 Bf5 4. Nbd2 Nf6 5. Nh4 Bd7 6. e3 e5 7. dxe5 Nxe5 8. Qc2 Be7 9. Nf5 O-O 10. Be2 Re8 11. Nxe7+ Qxe7 12. h3 c5 13. O-O Nc6 14. Nf3 Ne4 15. Rd1 Be6 16. c4 Rad8 17. a3 Qf6 18. cxd5 Bxd5 19. Bd3 b6 20. Rb1 Ne5 21. Bxe4 Nxf3+ 22. gxf3 Bxe4 23. Rxd8 Qg5+ 24. Kf1 Rxd8 25. Qxe4 Rd1+ 26. Ke2 Rd8 27. Bd2 h6 28. Bc3 Rc8 29. Qg4 Qxg4 30. fxg4 c4 31. Rd1 b5 32. Rd7 Ra8 33. Rb7 a6 34. h4 g6 35. e4 Re8 36. f3 Kf8 37. Bf6 Re6 38. Rb8+ Re8 39. Rxe8+ Kxe8 40. f4 Kd7 41. f5 1-0

[Event "CAN-op"]
[Site "Edmonton CAN"]
[Date "2000.07.08"]
[Round "1"]
[White "Day, Jonathan"]
[Black "Oliger, Mark"]
[Result "1-0"]
[WhiteElo "1836"]
[BlackElo "1891"]
[PlyCount "73"]
[GameId "2160767911681998"]
[EventDate "2000.07.08"]
[EventType "swiss"]
[EventRounds "10"]
[EventCountry "CAN"]

1. c4 e6 2. e3 d5 3. Nf3 Nf6 4. b3 Be7 5. Be2 O-O 6. Bb2 b6 7. Qc2 Bb7 8. O-O c5 9. Nc3 d4 10. exd4 cxd4 11. Nb5 Nc6 12. Nbxd4 Rc8 13. Nxc6 Bxc6 14. Ne5 Bb7 15. d4 Bd6 16. Rad1 Qc7 17. Bd3 Rfd8 18. Qe2 Nd7 19. f4 Nf8 20. Be4 f6 21. Bxb7 Qxb7 22. Nd3 Re8 23. Rf3 e5 24. fxe5 fxe5 25. dxe5 Bc5+ 26. Nxc5 Rxc5 27. b4 Rcc8 28. Rg3 Ne6 29. Rg4 a5 30. a3 axb4 31. axb4 Qe7 32. Rd6 Qa7 33. Qe3 Qa2 34. Qc3 Qb1+ 35. Qc1 Qf5 36. h3 Rf8 37. Kh2 1-0

[Event "CAN-op"]
[Site "Edmonton CAN"]
[Date "2000.07.08"]
[Round "1"]
[White "Dewindt, Cor"]
[Black "Hinds, Ronald"]
[Result "0-1"]
[WhiteElo "1573"]
[BlackElo "2049"]
[PlyCount "76"]
[GameId "2160767911681999"]
[EventDate "2000.07.08"]
[EventType "swiss"]
[EventRounds "10"]
[EventCountry "CAN"]

1. b4 e5 2. Bb2 Bxb4 3. Bxe5 Nf6 4. Bc3 Be7 5. Nf3 d5 6. e3 O-O 7. Be2 Nbd7 8. d4 Ne4 9. Bb2 Ndf6 10. h3 h6 11. a3 c6 12. c4 Be6 13. Nbd2 Qb6 14. c5 Qxb2 15. Rb1 Qc3 16. Rxb7 Nxd2 17. Nxd2 Rfe8 18. O-O Qa5 19. Qc2 Bc8 20. Rb2 Bf8 21. Rfb1 Qc7 22. Qa4 Ne4 23. Nxe4 Rxe4 24. Ba6 Bxc5 25. Bxc8 Qxc8 26. f3 Rh4 27. g3 Rxh3 28. dxc5 Rxg3+ 29. Rg2 Qh3 30. Rbb2 Rxg2+ 31. Rxg2 Qxf3 32. Qxc6 Qxe3+ 33. Kh2 Qf4+ 34. Rg3 Qf2+ 35. Kh3 Qf5+ 36. Kg2 Rb8 37. Qxh6 Rb2+ 38. Kh1 Qf1+ 0-1

[Event "CAN-op"]
[Site "Edmonton CAN"]
[Date "2000.07.08"]
[Round "1"]
[White "Gardner, Robert"]
[Black "Venning, Ron"]
[Result "1-0"]
[WhiteElo "2285"]
[BlackElo "1713"]
[PlyCount "45"]
[GameId "2160767911682001"]
[EventDate "2000.07.08"]
[EventType "swiss"]
[EventRounds "10"]
[EventCountry "CAN"]

1. e4 d5 2. exd5 Qxd5 3. Nc3 Qa5 4. d4 Nf6 5. Bc4 Bg4 6. Nf3 c6 7. Bd2 e6 8. h3 Bxf3 9. Qxf3 Qc7 10. O-O-O b5 11. Bxb5 Bb4 12. Ne4 Bxd2+ 13. Rxd2 O-O 14. Nxf6+ gxf6 15. Bd3 f5 16. g4 f6 17. gxf5 e5 18. dxe5 Qxe5 19. Qg3+ Kh8 20. Rg1 Qe7 21. Bc4 Nd7 22. Re2 Ne5 23. f4 1-0

[Event "CAN-op"]
[Site "Edmonton CAN"]
[Date "2000.07.08"]
[Round "1"]
[White "Gemmell, Ian"]
[Black "Nathani, Kaleim"]
[Result "0-1"]
[WhiteElo "1344"]
[BlackElo "1963"]
[PlyCount "74"]
[GameId "2160767911682002"]
[EventDate "2000.07.08"]
[EventType "swiss"]
[EventRounds "10"]
[EventCountry "CAN"]

1. f4 d5 2. Nf3 Nf6 3. e3 g6 4. Nc3 Bg7 5. d4 O-O 6. Be2 b6 7. O-O Bb7 8. b3 Ne4 9. Nxe4 dxe4 10. Nd2 c5 11. c3 Nd7 12. Bb2 cxd4 13. cxd4 Nf6 14. Nc4 Nd5 15. Qd2 f6 16. Rac1 a5 17. a4 Ba6 18. Na3 Bxe2 19. Qxe2 Nb4 20. Nb5 Nd3 21. Rc4 Rc8 22. Ba3 Rxc4 23. bxc4 Re8 24. Qa2 Kh8 25. f5 Bh6 26. Qe2 Qc8 27. Nc3 gxf5 28. Rxf5 Qxf5 29. Nd5 Nb4 30. g4 Qf3 31. Qxf3 exf3 32. Kf2 Nxd5 33. cxd5 e5 34. dxe6 Rxe6 35. Bc1 Rc6 36. Ba3 Bxe3+ 37. Kxe3 Rc3+ 0-1

[Event "CAN-op"]
[Site "Edmonton CAN"]
[Date "2000.07.08"]
[Round "1"]
[White "Gibson, Vince"]
[Black "McIntyre, John"]
[Result "0-1"]
[WhiteElo "1446"]
[BlackElo "1992"]
[PlyCount "80"]
[GameId "2160767911682003"]
[EventDate "2000.07.08"]
[EventType "swiss"]
[EventRounds "10"]
[EventCountry "CAN"]

1. e4 Nf6 2. e5 Nd5 3. c4 Nb6 4. Nc3 d6 5. d4 Nc6 6. Nf3 Bg4 7. Be2 Bxf3 8. Bxf3 dxe5 9. Bxc6+ bxc6 10. Qf3 exd4 11. Na4 Qd6 12. c5 Qe6+ 13. Be3 Nd5 14. O-O dxe3 15. Rfe1 Qf6 16. Qe2 Qd4 17. Qf3 Qxa4 18. fxe3 Nf6 19. b3 Qb5 20. a4 Qxc5 21. Rec1 Qe5 22. e4 Qxe4 23. Qg3 Nd5 24. Rxc6 Qe3+ 25. Qf2 Qxf2+ 26. Kxf2 e6 27. Re1 Rb8 28. Rb1 Kd7 29. Rc4 a5 30. Kf3 Rb4 31. Rxb4 Bxb4 32. Rd1 c5 33. h4 h5 34. g4 hxg4+ 35. Kxg4 Ke7 36. Kg5 Rh6 37. h5 f5 38. Rg1 Kf7 39. Rg3 c4 40. bxc4 Be7# 0-1

[Event "CAN-op"]
[Site "Edmonton CAN"]
[Date "2000.07.08"]
[Round "1"]
[White "Gomboc, Dave"]
[Black "Campbell, Jamie"]
[Result "1-0"]
[WhiteElo "1991"]
[BlackElo "1436"]
[PlyCount "55"]
[GameId "2160767911682004"]
[EventDate "2000.07.08"]
[EventType "swiss"]
[EventRounds "10"]
[EventCountry "CAN"]

1. d4 Nf6 2. c4 e5 3. dxe5 Ne4 4. a3 b6 5. Nd2 Nxd2 6. Bxd2 d6 7. Bc3 Bb7 8. Nf3 Nd7 9. exd6 Bxd6 10. e3 f6 11. Be2 c5 12. Qxd6 Qe7 13. Qxe7+ Kxe7 14. O-O g5 15. Nd2 Rhg8 16. Bf3 Bxf3 17. Nxf3 h5 18. Rfd1 h4 19. Rd5 h3 20. Rad1 Nf8 21. b4 Rc8 22. bxc5 bxc5 23. Nd2 Nd7 24. Ne4 Rc7 25. Rxd7+ Rxd7 26. Rxd7+ Kxd7 27. Nxf6+ Ke6 28. Nxg8 1-0